The love poems of Rumi / (Record no. 975)
[ view plain ]
| 000 -CABECERA | |
|---|---|
| campo de control de longitud fija | 00781cam a2200229 a 4500 |
| 001 - NÚMERO DE CONTROL | |
| campo de control | 000000994 |
| 005 - FECHA Y HORA DE LA ÚLTIMA TRANSACCIÓN | |
| campo de control | 20200929145448.0 |
| 008 - DATOS DE LONGITUD FIJA--INFORMACIÓN GENERAL | |
| campo de control de longitud fija | 970724s1998 nyu 000 0 eng |
| 020 ## - NÚMERO INTERNACIONAL ESTÁNDAR DEL LIBRO | |
| Número Internacional Estándar del Libro | 0609602438 (alk. paper) |
| 040 ## - FUENTE DE LA CATALOGACIÓN | |
| Centro catalogador/agencia de origen | DO-SdBNP |
| Centro/agencia transcriptor | DLC |
| Centro/agencia modificador | DLC |
| 082 ## - NÚMERO DE LA CLASIFICACIÓN DECIMAL DEWEY | |
| Número de clasificación | 891.5511 |
| Número de documento/Ítem | J26 |
| 100 0# - ENTRADA PRINCIPAL--NOMBRE DE PERSONA | |
| Nombre de persona | Jalal al-Din Rumi, |
| Títulos y otros términos asociados al nombre | Maulana, |
| Fechas asociadas al nombre | 1207-1273. |
| 9 (RLIN) | 3467 |
| 240 10 - TÍTULO UNIFORME | |
| Título uniforme | Selections. |
| Lenguaje de la obra | English. |
| Fecha de publicación/de la obra | 1998 |
| 245 14 - MENCIÓN DE TÍTULO | |
| Título | The love poems of Rumi / |
| Mención de responsabilidad, etc. | edited by Deepak Chopra ; translated by Deepak Chopra and Fereydoun Kia. |
| 260 ## - PUBLICACIÓN, DISTRIBUCIÓN, ETC. | |
| Lugar de publicación, distribución, etc. | New York : |
| Nombre del editor, distribuidor, etc. | Harmony Books, |
| Fecha de publicación, distribución, etc. | c1998. |
| 300 ## - DESCRIPCIÓN FÍSICA | |
| Extensión | 62, [1] p. ; |
| Dimensiones | 19 cm. |
| 650 #4 - PUNTO DE ACCESO ADICIONAL DE MATERIA--TÉRMINO DE MATERIA | |
| Término de materia o nombre geográfico como elemento de entrada | Literaturas iráneas |
| 9 (RLIN) | 3468 |
| 650 #4 - PUNTO DE ACCESO ADICIONAL DE MATERIA--TÉRMINO DE MATERIA | |
| Término de materia o nombre geográfico como elemento de entrada | Poemas |
| 9 (RLIN) | 3469 |
| 700 1# - PUNTO DE ACCESO ADICIONAL--NOMBRE DE PERSONA | |
| Nombre de persona | Kia, Fereydoun. |
| Término indicativo de función/relación | trad. |
| 9 (RLIN) | 3470 |
| 700 1# - PUNTO DE ACCESO ADICIONAL--NOMBRE DE PERSONA | |
| Nombre de persona | Chopra, Deepak |
| Término indicativo de función/relación | ed. |
| -- | trad. |
| 9 (RLIN) | 3471 |
| 910 ## - DATOS DE OPCIÓN DEL USUARIO (OCLC) | |
| Datos de opción del usuario | Catalogación por copia / LC |
| Estado de retiro | Estado de pérdida | No para préstamo | Código de colección | Localización permanente | Ubicación/localización actual | Ubicación en estantería | Fecha de adquisición | Número de inventario | Total de préstamos | Signatura topográfica completa | Código de barras | Fecha visto por última vez | Precio válido a partir de | Tipo de ítem Koha |
|---|---|---|---|---|---|---|---|---|---|---|---|---|---|---|
| Préstamo en sala | Dominicana de Servicio | Biblioteca Nacional Pedro Henríquez Ureña | Biblioteca Nacional Pedro Henríquez Ureña | Depósito | 15.06.2009 | LF1 | 891.5511 J26 | 994-10 | 25.06.2020 | 25.06.2020 | Libros y folletos |
